[Event "22. Torneo San Viator"]
[Site "Madrid ESP"]
[Date "2014.04.06"]
[Round "3.4"]
[White "Garcia Martin, Juan Manuel"]
[Black "Sotoca Aguado, Jose"]
[Result "0-1"]
[WhiteElo "1787"]
[BlackElo "1964"]
[PlyCount "112"]
[EventDate "2014.03.23"]
[EventType "swiss"]
[EventRounds "9"]
[EventCountry "ESP"]
[SourceTitle "Ajedrez en Madrid"]
[Source "lmi"]
[SourceDate "2014.03.23"]
[SourceVersion "1"]
[SourceVersionDate "2014.07.21"]
[SourceQuality "1"]

1. d4 Nf6 2. Bf4 d5 3. Nf3 e6 4. e3 c5 5. c3 Nc6 6. Nbd2 Be7 7. Ne5 Qb6 8. b3
Nxe5 9. Bxe5 Bd7 10. Bd3 Rc8 11. O-O cxd4 12. Bxf6 Bxf6 13. cxd4 O-O 14. Rc1
Rxc1 15. Qxc1 e5 16. dxe5 Bxe5 17. Nf3 Bf6 18. Qb1 g6 19. h3 Bc3 20. Rc1 Qf6
21. Be2 Bf5 22. Bd3 Be6 23. Rc2 Rd8 24. Qc1 Bb4 25. Qd1 Bd6 26. Bf1 Bf5 27. Rd2
Be4 28. Bd3 Bb4 29. Rc2 Qe7 30. Bxe4 dxe4 31. Nd4 Bd6 32. Qc1 Rd7 33. Rc8+ Kg7
34. g3 Be5 35. Rc4 a6 36. a4 h5 37. h4 Qf6 38. Qa3 Bxd4 39. Rc8 Qd6 40. Qxd6
Rxd6 41. exd4 Rxd4 42. Rc7 Rb4 43. Rc3 Kf6 44. Kg2 Ke5 45. Re3 Kd4 46. Kf1 b5
47. axb5 Rxb5 48. Ke2 Rc5 49. Kd2 Ra5 50. Ke2 Ra2+ 51. Kf1 f5 52. Kg1 Rc2 53.
Re1 a5 54. Ra1 Rc5 55. Kf1 Kc3 56. Ke2 Kxb3 0-1

[Event "22. Torneo San Viator"]
[Site "Madrid ESP"]
[Date "2014.04.06"]
[Round "3.5"]
[White "Osorio Ramos, Francisco"]
[Black "Caballero Gallego, Luis"]
[Result "1-0"]
[WhiteElo "1786"]
[BlackElo "1880"]
[PlyCount "73"]
[EventDate "2014.03.23"]
[EventType "swiss"]
[EventRounds "9"]
[EventCountry "ESP"]
[SourceTitle "Ajedrez en Madrid"]
[Source "lmi"]
[SourceDate "2014.03.23"]
[SourceVersion "1"]
[SourceVersionDate "2014.07.21"]
[SourceQuality "1"]

1. d4 Nf6 2. Nf3 g6 3. c4 Bg7 4. Nc3 O-O 5. e4 d6 6. Be2 e5 7. d5 a5 8. O-O Na6
9. Re1 Nh5 10. Nd2 Nf4 11. Bf1 Qg5 12. Kh1 Nc5 13. Re3 f5 14. Qc2 Bh6 15. exf5
Bxf5 16. Nde4 Qe7 17. Re1 g5 18. Qd1 Nxe4 19. Nxe4 Qg7 20. Bxf4 exf4 21. Nc3
Qg6 22. Nb5 Qf7 23. Nd4 Bg7 24. Ne6 Bxb2 25. Rb1 Be5 26. Rxb7 Bxe6 27. dxe6
Qxe6 28. Rxc7 Rfc8 29. Rxc8+ Rxc8 30. Bd3 Kg7 31. Qh5 h6 32. h4 g4 33. Bf5 Qxc4
34. Qxg4+ Kf8 35. Bxc8 Qxa2 36. Be6 Qxf2 37. Qg8+ 1-0

[Event "22. Torneo San Viator"]
[Site "Madrid ESP"]
[Date "2014.04.06"]
[Round "3.6"]
[White "Alonso Abad, Enrique"]
[Black "Correas Aguilera, Eufemio"]
[Result "1-0"]
[WhiteElo "1917"]
[BlackElo "1727"]
[PlyCount "52"]
[EventDate "2014.03.23"]
[EventType "swiss"]
[EventRounds "9"]
[EventCountry "ESP"]
[SourceTitle "Ajedrez en Madrid"]
[Source "lmi"]
[SourceDate "2014.03.23"]
[SourceVersion "1"]
[SourceVersionDate "2014.07.21"]
[SourceQuality "1"]

1. d4 d5 2. Nf3 c5 3. e3 e6 4. b3 cxd4 5. exd4 Nf6 6. Bd3 Bb4+ 7. c3 Bd6 8. O-O
O-O 9. Ne5 Qc7 10. Qe2 Nfd7 11. f4 Nc6 12. Bb2 Ne7 13. Na3 Ng6 14. Nb5 Qb8 15.
a4 Be7 16. Rac1 Ndxe5 17. dxe5 Bd7 18. Nd4 Rc8 19. c4 dxc4 20. Bxc4 Bc6 21. f5
Nf8 22. fxe6 Nxe6 23. Nxe6 Re8 24. Nd4 Rf8 25. e6 f6 26. Nf5 Qe8 1-0

[Event "22. Torneo San Viator"]
[Site "Madrid ESP"]
[Date "2014.04.06"]
[Round "3.8"]
[White "Garcia Sanjuan, Jose"]
[Black "Franco Rincon, David"]
[Result "1-0"]
[WhiteElo "1867"]
[BlackElo "1685"]
[PlyCount "129"]
[EventDate "2014.03.23"]
[EventType "swiss"]
[EventRounds "9"]
[EventCountry "ESP"]
[SourceTitle "Ajedrez en Madrid"]
[Source "lmi"]
[SourceDate "2014.03.23"]
[SourceVersion "1"]
[SourceVersionDate "2014.07.21"]
[SourceQuality "1"]

1. b3 e5 2. Bb2 Nc6 3. g3 d6 4. Bg2 Nf6 5. d4 exd4 6. Nf3 d5 7. Nxd4 Nxd4 8.
Bxd4 c6 9. O-O Be7 10. Nd2 Be6 11. Nf3 h6 12. Qd3 O-O 13. Rad1 Qc8 14. Rfe1 Re8
15. c3 Bf5 16. Qd2 Ne4 17. Qc1 Nd6 18. Be3 Bf6 19. Nd4 Bg6 20. Bf4 Qd8 21. c4
Ne4 22. f3 Bxd4+ 23. Rxd4 Nf6 24. g4 Qb6 25. c5 Qa6 26. Ra4 Qb5 27. Bf1 Nd7 28.
Be3 a5 29. Bd4 Qa6 30. e4 b5 31. cxb6 Qb7 32. Qc3 f6 33. Rxa5 Rxa5 34. Qxa5
dxe4 35. Bc4+ Kh7 36. fxe4 Ra8 37. Qd2 c5 38. Bd5 Qb8 39. Bxa8 Qxa8 40. Bc3
Nxb6 41. Qg2 Qb8 42. h4 Qf4 43. h5 Bf7 44. Bd2 Qe5 45. Be3 Be6 46. Rc1 Nd7 47.
Rd1 Qc7 48. Bf2 Qf4 49. Qg3 Qxe4 50. Qd3 Qxd3 51. Rxd3 Bxg4 52. Rd5 Ne5 53.
Bxc5 Bxh5 54. Kf2 Bf7 55. Rd2 h5 56. b4 Bc4 57. a4 g5 58. Rd4 g4 59. Kg3 Kg6
60. b5 Kg5 61. Bd6 h4+ 62. Kf2 g3+ 63. Kg2 Ng4 64. Bf4+ Kf5 65. Rxc4 1-0

[Event "22. Torneo San Viator"]
[Site "Madrid ESP"]
[Date "2014.04.06"]
[Round "3.10"]
[White "Garcia Rojas, Juan Carlos"]
[Black "Camarero Izquierdo, Juan Carlo"]
[Result "0-1"]
[WhiteElo "1548"]
[BlackElo "1864"]
[PlyCount "114"]
[EventDate "2014.03.23"]
[EventType "swiss"]
[EventRounds "9"]
[EventCountry "ESP"]
[SourceTitle "Ajedrez en Madrid"]
[Source "lmi"]
[SourceDate "2014.03.23"]
[SourceVersion "1"]
[SourceVersionDate "2014.07.21"]
[SourceQuality "1"]

1. e4 c5 2. Bc4 e6 3. Nc3 Nc6 4. Nf3 a6 5. a4 Nf6 6. d4 cxd4 7. Nxd4 Bc5 8.
Nxc6 bxc6 9. O-O d5 10. exd5 cxd5 11. Be2 h6 12. Bf3 O-O 13. Ne2 e5 14. g3 e4
15. Bg2 Bg4 16. Qd2 Bf3 17. Bxf3 exf3 18. Nd4 Ne4 19. Qd3 Bxd4 20. Qxd4 Qd7 21.
Qe3 Qg4 22. Qf4 Qh5 23. Ra3 Ng5 24. Qh4 Qg6 25. Rd3 Qf5 26. Bxg5 hxg5 27. Qd4
g4 28. Qxd5 Qh7 29. h4 Rae8 30. Qc4 Re4 31. Qxa6 g5 32. Qf6 gxh4 33. Qxh4 Qg6
34. Rd5 f5 35. b3 Rfe8 36. Rd8 Rxd8 37. Qxd8+ Re8 38. Qd5+ Kg7 39. Rd1 Re7 40.
Qd4+ Kh7 41. Qb4 Rf7 42. Qc4 Re7 43. Qf1 Re2 44. c4 f4 45. Re1 Qe4 46. Rxe2
fxe2 47. Qe1 f3 48. c5 Qc2 49. Kh2 Qd1 50. Qb4 e1=Q 51. Qb7+ Kg6 52. Qc6+ Kf5
53. Qc8+ Ke5 54. Qc7+ Kd4 55. Qd7+ Kc3 56. Qg7+ Kc2 57. Qg6+ Kb2 0-1

[Event "22. Torneo San Viator"]
[Site "Madrid ESP"]
[Date "2014.04.06"]
[Round "3.12"]
[White "Uceda Martinez, Jacinto"]
[Black "Garcia-Ruiz Fuentes, Angel M"]
[Result "0-1"]
[WhiteElo "1822"]
[BlackElo "2025"]
[PlyCount "80"]
[EventDate "2014.03.23"]
[EventType "swiss"]
[EventRounds "9"]
[EventCountry "ESP"]
[SourceTitle "Ajedrez en Madrid"]
[Source "lmi"]
[SourceDate "2014.03.23"]
[SourceVersion "1"]
[SourceVersionDate "2014.07.21"]
[SourceQuality "1"]

1. d4 Nf6 2. c4 c5 3. d5 b5 4. b3 g6 5. Bb2 bxc4 6. Bxf6 exf6 7. bxc4 Bg7 8.
Nd2 f5 9. Rc1 O-O 10. Ngf3 d6 11. g3 Nd7 12. Bg2 Qa5 13. Rc2 Rb8 14. O-O Rb4
15. Nb3 Qa4 16. Qc1 Ba6 17. Nbd2 Rfb8 18. Re1 Rb2 19. Rxb2 Bxb2 20. Qd1 Qxa2
21. e4 fxe4 22. Nxe4 Rb6 23. Bh3 Nf6 24. Qe2 Qxc4 25. Nxf6+ Bxf6 26. Qe8+ Kg7
27. Bg2 Qb5 28. Qe3 Qd3 29. Qf4 Rb1 30. h4 Be5 31. Qe3 Qxe3 32. fxe3 Rxe1+ 33.
Nxe1 Bxg3 34. Nf3 f6 35. Bh3 Bb5 36. Kg2 Be5 37. Kf2 a5 38. Nd2 a4 39. Bg4 a3
40. Bd1 a2 0-1

[Event "22. Torneo San Viator"]
[Site "Madrid ESP"]
[Date "2014.04.06"]
[Round "3.13"]
[White "Ojosnegros Martin, Angel"]
[Black "Rodriguez Bittar, Karim Javier"]
[Result "0-1"]
[WhiteElo "1514"]
[BlackElo "1787"]
[PlyCount "126"]
[EventDate "2014.03.23"]
[EventType "swiss"]
[EventRounds "9"]
[EventCountry "ESP"]
[SourceTitle "Ajedrez en Madrid"]
[Source "lmi"]
[SourceDate "2014.03.23"]
[SourceVersion "1"]
[SourceVersionDate "2014.07.21"]
[SourceQuality "1"]

1. e4 e5 2. Nf3 Nc6 3. Bc4 Bc5 4. c3 Nf6 5. d4 exd4 6. cxd4 Bb4+ 7. Bd2 Bxd2+
8. Nbxd2 d6 9. O-O O-O 10. Re1 Bg4 11. h3 Bh5 12. Qb3 Na5 13. Qc3 Nxc4 14. Qxc4
d5 15. exd5 Nxd5 16. Qb3 Nb6 17. Re5 Bxf3 18. Nxf3 Qd7 19. Rd1 c6 20. Rde1 Nd5
21. R5e4 Rab8 22. Ne5 Qd6 23. a3 g6 24. Qg3 f6 25. Nd3 Qxg3 26. fxg3 Kf7 27.
Nf4 Nxf4 28. gxf4 Rfe8 29. Kf2 Rxe4 30. Rxe4 Rd8 31. Ke3 Rd5 32. Kd3 Rb5 33. b4
a5 34. Kc4 Rd5 35. g4 f5 36. Re5 axb4 37. axb4 fxg4 38. hxg4 b5+ 39. Kd3 h5 40.
gxh5 gxh5 41. Re1 Kf6 42. Ke4 Rd8 43. Rc1 Re8+ 44. Kf3 Re6 45. Rc5 Rd6 46. Rxh5
Rxd4 47. Rh6+ Kf5 48. Rh5+ Ke6 49. Rh6+ Kd5 50. f5 Rxb4 51. f6 Ra4 52. f7 Ra8
53. Rf6 Rf8 54. Kf4 b4 55. Kg5 b3 56. Rf1 b2 57. Kg6 c5 58. Kg7 Rxf7+ 59. Kxf7
c4 60. Rd1+ Ke4 61. Rb1 c3 62. Kg8 Kd3 63. Kf7 Kc2 0-1

[Event "22. Torneo San Viator"]
[Site "Madrid ESP"]
[Date "2014.04.06"]
[Round "3.14"]
[White "Bustos Bernardo, Samuel"]
[Black "Hernandez Herrera, Rodolfo"]
[Result "1-0"]
[WhiteElo "1777"]
[BlackElo "1348"]
[PlyCount "71"]
[EventDate "2014.03.23"]
[EventType "swiss"]
[EventRounds "9"]
[EventCountry "ESP"]
[SourceTitle "Ajedrez en Madrid"]
[Source "lmi"]
[SourceDate "2014.03.23"]
[SourceVersion "1"]
[SourceVersionDate "2014.07.21"]
[SourceQuality "1"]

1. Nf3 d5 2. d4 Nf6 3. c4 c6 4. Nc3 dxc4 5. a4 Na6 6. e4 Bg4 7. Bxc4 e6 8. Bg5
Bb4 9. O-O Qa5 10. Bxf6 gxf6 11. Qd3 Nc7 12. Nd2 Qg5 13. f4 Qh6 14. h3 Bxh3 15.
Qxh3 Qxh3 16. gxh3 Rg8+ 17. Kf2 O-O-O 18. Nf3 a5 19. Rg1 Be7 20. Rxg8 Rxg8 21.
Rg1 Rg6 22. f5 Rxg1 23. Nxg1 c5 24. Ke3 cxd4+ 25. Kxd4 e5+ 26. Kd3 Bc5 27. Nge2
b6 28. Bxf7 Kd7 29. Nd5 Na6 30. Be6+ Kd6 31. Nec3 Nb4+ 32. Nxb4 Bxb4 33. Nd5
Bc5 34. Nxf6 Ke7 35. Nxh7 Kd8 36. f6 1-0

[Event "22. Torneo San Viator"]
[Site "Madrid ESP"]
[Date "2014.04.06"]
[Round "3.16"]
[White "Bermejo Jimenez, Adolfo"]
[Black "Garcia-Osorio Prado, Miguel A"]
[Result "0-1"]
[WhiteElo "1442"]
[BlackElo "1742"]
[PlyCount "100"]
[EventDate "2014.03.23"]
[EventType "swiss"]
[EventRounds "9"]
[EventCountry "ESP"]
[SourceTitle "Ajedrez en Madrid"]
[Source "lmi"]
[SourceDate "2014.03.23"]
[SourceVersion "1"]
[SourceVersionDate "2014.07.21"]
[SourceQuality "1"]

1. e4 c5 2. Nc3 a6 3. g3 b5 4. Bg2 Bb7 5. d4 cxd4 6. Qxd4 Nc6 7. Qd1 e6 8. Be3
Qc7 9. Nge2 Nf6 10. O-O Be7 11. Nd4 Rc8 12. f4 d6 13. Bh3 Nxd4 14. Qxd4 Qc4 15.
Qd3 Nxe4 16. Qxc4 Rxc4 17. Nxe4 Bxe4 18. c3 O-O 19. Bg2 Bxg2 20. Kxg2 f5 21.
Rad1 d5 22. Rd4 Rfc8 23. Re1 Kf7 24. Rxc4 Rxc4 25. Bd4 Bf6 26. Rd1 Bxd4 27.
Rxd4 Kf6 28. Kf3 a5 29. Ke3 g5 30. Rxc4 bxc4 31. Kd4 h5 32. fxg5+ Kxg5 33. Ke5
h4 34. gxh4+ Kxh4 35. Kf4 a4 36. Ke5 Kh3 37. Kf4 Kxh2 38. Ke5 Kg3 39. Kxe6 f4
40. Kxd5 f3 41. Kxc4 f2 42. Kb5 f1=Q+ 43. Kxa4 Qd1+ 44. Kb4 Qc2 45. Ka3 Kf4 46.
b4 Qxc3+ 47. Ka4 Ke5 48. b5 Kd6 49. a3 Qb2 50. b6 Kc6 0-1

[Event "22. Torneo San Viator"]
[Site "Madrid ESP"]
[Date "2014.04.06"]
[Round "3.20"]
[White "Padin Lazaro, Jose Manuel"]
[Black "Jimenez Gallego, Rafael"]
[Result "1-0"]
[WhiteElo "1862"]
[BlackElo "1455"]
[PlyCount "73"]
[EventDate "2014.03.23"]
[EventType "swiss"]
[EventRounds "9"]
[EventCountry "ESP"]
[SourceTitle "Ajedrez en Madrid"]
[Source "lmi"]
[SourceDate "2014.03.23"]
[SourceVersion "1"]
[SourceVersionDate "2014.07.21"]
[SourceQuality "1"]

1. e4 e5 2. Nf3 d6 3. d4 exd4 4. Nxd4 Bd7 5. Bc4 Nf6 6. Nc3 Nc6 7. Be3 Be7 8.
f3 O-O 9. Nxc6 Bxc6 10. Qd2 Nd7 11. O-O-O Ne5 12. Bb3 b5 13. Bd5 Bxd5 14. Nxd5
Nc4 15. Qd3 Nxe3 16. Qxe3 c6 17. Nxe7+ Qxe7 18. Qc3 Qg5+ 19. Kb1 Qc5 20. Rd3
Qxc3 21. Rxc3 c5 22. Rd3 Rad8 23. Rhd1 Rfe8 24. a4 b4 25. Rxd6 Rxd6 26. Rxd6 f5
27. exf5 Re1+ 28. Ka2 Re2 29. Rd8+ Kf7 30. Rd7+ Kf6 31. g4 Rxh2 32. Rc7 Rd2 33.
a5 Rd6 34. Rxc5 g6 35. fxg6 hxg6 36. Rb5 Rd3 37. a6 1-0

[Event "22. Torneo San Viator"]
[Site "Madrid ESP"]
[Date "2014.04.06"]
[Round "3.21"]
[White "Linares Leyva, David"]
[Black "Iturbide Arnedo, Oscar"]
[Result "0-1"]
[WhiteElo "1838"]
[BlackElo "2128"]
[PlyCount "108"]
[EventDate "2014.03.23"]
[EventType "swiss"]
[EventRounds "9"]
[EventCountry "ESP"]
[SourceTitle "Ajedrez en Madrid"]
[Source "lmi"]
[SourceDate "2014.03.23"]
[SourceVersion "1"]
[SourceVersionDate "2014.07.21"]
[SourceQuality "1"]

1. Nf3 g6 2. d4 Bg7 3. g3 d6 4. Bg2 Nd7 5. O-O e5 6. dxe5 dxe5 7. Nc3 Ngf6 8.
h3 O-O 9. Bg5 h6 10. Be3 Qe7 11. Qd2 Kh7 12. Rad1 Nb6 13. b3 c6 14. Qd6 Qxd6
15. Rxd6 e4 16. Rxf6 Bxf6 17. Nxe4 Be7 18. c4 f5 19. Nc5 Re8 20. Nd3 Bf6 21.
Bd4 Bxd4 22. Nxd4 Bd7 23. Nc5 Rab8 24. a4 Re7 25. e3 Na8 26. a5 Nc7 27. Ra1 Be8
28. Bf3 b6 29. axb6 axb6 30. Nd3 c5 31. Nc6 Bxc6 32. Bxc6 Ne8 33. Nf4 Nf6 34.
Nd5 Nxd5 35. cxd5 Kg7 36. Rd1 Ra7 37. d6 Kf6 38. Bd5 Rd8 39. Bc4 Rad7 40. Rd2
Rxd6 41. Ra2 R8d7 42. h4 Rb7 43. Bb5 Rd8 44. Kg2 Ke5 45. Kf3 Re7 46. Bc4 Kd6
47. Bb5 Rb8 48. Rd2+ Kc7 49. Rd1 Ra8 50. Ba4 Ra5 51. Rd5 b5 52. Rxc5+ Kb6 53.
Rd5 bxa4 54. Rd4 axb3 0-1

[Event "22. Torneo San Viator"]
[Site "Madrid ESP"]
[Date "2014.04.06"]
[Round "3.22"]
[White "Bolea Jover, Jose"]
[Black "Castillo Sanz, Javier"]
[Result "1-0"]
[WhiteElo "2035"]
[BlackElo "1815"]
[PlyCount "41"]
[EventDate "2014.03.23"]
[EventType "swiss"]
[EventRounds "9"]
[EventCountry "ESP"]
[SourceTitle "Ajedrez en Madrid"]
[Source "lmi"]
[SourceDate "2014.03.23"]
[SourceVersion "1"]
[SourceVersionDate "2014.07.21"]
[SourceQuality "1"]

1. e4 g5 2. d4 h6 3. Nc3 d6 4. h3 c6 5. Bc4 b5 6. Bb3 Nf6 7. a3 Nbd7 8. Nf3 Qc7
9. Be3 Bg7 10. Qd2 Bb7 11. Nh2 e5 12. dxe5 dxe5 13. O-O-O Bf8 14. Qe2 Nc5 15.
Bxc5 Bxc5 16. Ng4 Nxg4 17. Qxg4 Qe7 18. Qf5 Bc8 19. Bxf7+ Kf8 20. Be6+ Kg7 21.
Bxc8 1-0

[Event "22. Torneo San Viator"]
[Site "Madrid ESP"]
[Date "2014.04.06"]
[Round "3.23"]
[White "Montes De Santiago, Fernando"]
[Black "Rosa Ramirez, Victor D"]
[Result "0-1"]
[WhiteElo "1831"]
[BlackElo "1989"]
[PlyCount "172"]
[EventDate "2014.03.23"]
[EventType "swiss"]
[EventRounds "9"]
[EventCountry "ESP"]
[SourceTitle "Ajedrez en Madrid"]
[Source "lmi"]
[SourceDate "2014.03.23"]
[SourceVersion "1"]
[SourceVersionDate "2014.07.21"]
[SourceQuality "1"]

1. d4 Nf6 2. Nf3 e6 3. g3 d5 4. Bg2 Bd6 5. Nbd2 O-O 6. c4 c6 7. O-O Nbd7 8. b3
h6 9. Qc2 Re8 10. Bb2 e5 11. dxe5 Nxe5 12. Nxe5 Bxe5 13. Bxe5 Rxe5 14. e4 dxe4
15. Nxe4 Nxe4 16. Bxe4 Qe7 17. Bf3 Bf5 18. Qc3 Re8 19. Rad1 h5 20. Rd4 g6 21.
Kg2 Qe6 22. Rh4 g5 23. Rxh5 Bg6 24. Rh6 Kg7 25. Rxg6+ Kxg6 26. Qd4 Rh8 27. g4
c5 28. Qd3+ Kg7 29. h3 b6 30. Bd5 Qe7 31. Qc3 f6 32. a4 Re8 33. Rd1 Re1 34. Rd3
Qe2 35. Kg3 Qe5+ 36. Qxe5 R8xe5 37. Bf3 Rg1+ 38. Kh2 Rge1 39. Kg3 Re7 40. Rd8
Re8 41. Rd7+ R1e7 42. Rd3 Rc7 43. h4 gxh4+ 44. Kxh4 Ree7 45. Kg3 Rcd7 46. Bd5
Re5 47. Kf4 a6 48. Kg3 b5 49. axb5 axb5 50. f4 bxc4 51. bxc4 Re1 52. Ra3 Rde7
53. Kf2 R1e2+ 54. Kf3 Kh6 55. g5+ fxg5 56. Ra6+ Kh5 57. fxg5 Kxg5 58. Ra3 Re1
59. Kf2 R1e2+ 60. Kf1 Rb2 61. Rg3+ Kf6 62. Rf3+ Ke5 63. Re3+ Kd6 64. Ra3 Re8
65. Ra6+ Ke5 66. Ra1 Rf8+ 67. Kg1 Kd4 68. Rd1+ Kc3 69. Rc1+ Rc2 70. Rb1 Rd2 71.
Rb5 Kd4 72. Rb6 Rc2 73. Rh6 Rxc4 74. Bxc4 Kxc4 75. Rc6 Kd4 76. Rd6+ Kc3 77. Rc6
c4 78. Rc7 Kd2 79. Rd7+ Kc2 80. Rc7 c3 81. Rc6 Kd2 82. Rd6+ Kc1 83. Rc6 c2 84.
Rc7 Rf4 85. Rc8 Kb2 86. Rb8+ Kc3 0-1

[Event "22. Torneo San Viator"]
[Site "Madrid ESP"]
[Date "2014.04.06"]
[Round "3.24"]
[White "Garcia Galeote, Lorenzo"]
[Black "Kremer, Nadine"]
[Result "1/2-1/2"]
[WhiteElo "1973"]
[BlackElo "1803"]
[PlyCount "58"]
[EventDate "2014.03.23"]
[EventType "swiss"]
[EventRounds "9"]
[EventCountry "ESP"]
[SourceTitle "Ajedrez en Madrid"]
[Source "lmi"]
[SourceDate "2014.03.23"]
[SourceVersion "1"]
[SourceVersionDate "2014.07.21"]
[SourceQuality "1"]

1. c4 Nf6 2. Nc3 g6 3. g3 Bg7 4. Bg2 O-O 5. e3 d6 6. Nge2 Nc6 7. d4 e5 8. O-O
Bd7 9. h3 Qc8 10. Kh2 Ne8 11. Nd5 a5 12. a3 f5 13. Rb1 Nf6 14. Nec3 Nxd5 15.
cxd5 Nd8 16. dxe5 dxe5 17. Ne2 Nf7 18. Bd2 Nd6 19. f4 Bb5 20. Bc3 Qe8 21. Re1
Ne4 22. Bxe4 fxe4 23. Qd2 b6 24. b4 Bd3 25. Rbc1 a4 26. Ba1 Qf7 27. Rc6 Bb5 28.
Rc2 Bd3 29. Rc6 Bb5 1/2-1/2

[Event "22. Torneo San Viator"]
[Site "Madrid ESP"]
[Date "2014.04.06"]
[Round "3.27"]
[White "Insua Rodriguez, Antonio"]
[Black "Tsakas, Nikolaos"]
[Result "0-1"]
[WhiteElo "1497"]
[BlackElo "1738"]
[PlyCount "130"]
[EventDate "2014.03.23"]
[EventType "swiss"]
[EventRounds "9"]
[EventCountry "ESP"]
[SourceTitle "Ajedrez en Madrid"]
[Source "lmi"]
[SourceDate "2014.03.23"]
[SourceVersion "1"]
[SourceVersionDate "2014.07.21"]
[SourceQuality "1"]

1. Nc3 d5 2. e4 d4 3. Nce2 c5 4. Ng3 Nc6 5. Bc4 Nf6 6. Nf3 Bg4 7. h3 Bxf3 8.
Qxf3 Ne5 9. Qb3 Nxc4 10. Qxc4 e6 11. d3 Be7 12. O-O a6 13. a4 O-O 14. Bf4 Qb6
15. a5 Qc6 16. Qb3 Bd6 17. Bxd6 Qxd6 18. Rfe1 Nd7 19. e5 Nxe5 20. Ne4 Qc6 21.
Qb6 Qxb6 22. axb6 Nd7 23. Nd6 Nxb6 24. Nxb7 c4 25. Nc5 cxd3 26. cxd3 a5 27. Nb3
a4 28. Nxd4 Rfd8 29. Re4 Rd5 30. Nc6 Rxd3 31. Rb4 Rb3 32. Rxb3 axb3 33. Rxa8+
Nxa8 34. Nd4 Nb6 35. Nxb3 Nc4 36. Nd4 Nxb2 37. f4 Nd3 38. g3 h5 39. Kg2 g6 40.
Kf3 Kg7 41. g4 hxg4+ 42. hxg4 Nc5 43. g5 f5 44. gxf6+ Kxf6 45. Kg4 Nd3 46. Kf3
Nxf4 47. Nc2 g5 48. Ne3 Nd3 49. Ng4+ Kg6 50. Ke4 Nf4 51. Kf3 Kh5 52. Kg3 Ng6
53. Nf6+ Kh6 54. Ng4+ Kg7 55. Kf3 Nh4+ 56. Kg3 Kg6 57. Ne3 Nf5+ 58. Kf3 Nxe3
59. Kxe3 Kf5 60. Kf3 e5 61. Kf2 Kf4 62. Ke2 g4 63. Kf2 g3+ 64. Kf1 Kf3 65. Kg1
g2 0-1

[Event "22. Torneo San Viator"]
[Site "Madrid ESP"]
[Date "2014.04.06"]
[Round "3.28"]
[White "Lacaci Otero, Ivan"]
[Black "Lavandeira Hermoso, Alvaro"]
[Result "1-0"]
[WhiteElo "1728"]
[BlackElo "1481"]
[PlyCount "69"]
[EventDate "2014.03.23"]
[EventType "swiss"]
[EventRounds "9"]
[EventCountry "ESP"]
[SourceTitle "Ajedrez en Madrid"]
[Source "lmi"]
[SourceDate "2014.03.23"]
[SourceVersion "1"]
[SourceVersionDate "2014.07.21"]
[SourceQuality "1"]

1. e4 e5 2. Nf3 Nc6 3. d4 exd4 4. Nxd4 Bc5 5. Be3 Qh4 6. Nf5 Qxe4 7. Nxg7+ Kf8
8. Nc3 Qe5 9. Nh5 Bxe3 10. fxe3 Qxe3+ 11. Qe2 Qxe2+ 12. Bxe2 Nd4 13. Bd3 Ne7
14. O-O-O d6 15. h3 Ndf5 16. g4 Ng7 17. Nf6 h5 18. Nb5 c5 19. Nxd6 b6 20. Be4
Rb8 21. Nb5 Be6 22. Nc7 Rc8 23. Bb7 Rxc7 24. Rd8+ Ne8 25. Nxe8 Rd7 26. Ra8 Rd4
27. gxh5 Ra4 28. a3 f5 29. Nc7+ Kg7 30. Nxe6+ Kh7 31. Rg1 Rxa8 32. Bxa8 Kh6 33.
Rg7 Nc8 34. Rg8 Kxh5 35. Rxc8 1-0

[Event "22. Torneo San Viator"]
[Site "Madrid ESP"]
[Date "2014.04.06"]
[Round "3.29"]
[White "Corrochano Utrilla, David"]
[Black "Caravantes Camacho, Fernando"]
[Result "1-0"]
[WhiteElo "1710"]
[BlackElo "1466"]
[PlyCount "52"]
[EventDate "2014.03.23"]
[EventType "swiss"]
[EventRounds "9"]
[EventCountry "ESP"]
[SourceTitle "Ajedrez en Madrid"]
[Source "lmi"]
[SourceDate "2014.03.23"]
[SourceVersion "1"]
[SourceVersionDate "2014.07.21"]
[SourceQuality "1"]

1. e4 e6 2. d4 d5 3. Nc3 dxe4 4. Nxe4 Be7 5. Nf3 Nd7 6. Bd3 Ngf6 7. Qe2 O-O 8.
Bd2 b6 9. O-O-O Bb7 10. Bc3 Bxe4 11. Bxe4 Nxe4 12. Qxe4 Nf6 13. Qd3 Qd5 14. Kb1
Rfd8 15. Rhe1 c5 16. dxc5 Qxc5 17. Qe2 Nd5 18. Bd4 Qc6 19. c3 a5 20. Ne5 Qb7
21. Qf3 Bc5 22. Bxc5 bxc5 23. c4 Rab8 24. b3 a4 25. cxd5 exd5 26. Re2 f6 1-0

[Event "22. Torneo San Viator"]
[Site "Madrid ESP"]
[Date "2014.04.06"]
[Round "3.31"]
[White "Hidalgo Prado, David"]
[Black "San Felipe Asis, Raquel"]
[Result "0-1"]
[WhiteElo "1448"]
[BlackElo "1654"]
[PlyCount "90"]
[EventDate "2014.03.23"]
[EventType "swiss"]
[EventRounds "9"]
[EventCountry "ESP"]
[SourceTitle "Ajedrez en Madrid"]
[Source "lmi"]
[SourceDate "2014.03.23"]
[SourceVersion "1"]
[SourceVersionDate "2014.07.21"]
[SourceQuality "1"]

1. e4 d5 2. e5 f6 3. d4 Nc6 4. Nf3 Bg4 5. Be2 e6 6. Bf4 Nge7 7. c3 Ng6 8. Bg3
Bxf3 9. Bxf3 fxe5 10. dxe5 Ncxe5 11. Be2 Bd6 12. f4 Nc6 13. O-O O-O 14. Bg4 Qf6
15. f5 Bxg3 16. hxg3 Nge5 17. Bh3 exf5 18. Qxd5+ Qf7 19. Qd1 Rad8 20. Qc2 Ne7
21. Nd2 Qg6 22. Nf3 Qxg3 23. Nd4 Rd6 24. Nxf5 Nxf5 25. Bxf5 g6 26. Bh3 Nf3+ 27.
Rxf3 Rxf3 28. Qe4 Re3 29. Qc4+ Kh8 30. Qf7 Re1+ 31. Rxe1 Qxe1+ 32. Kh2 Qe5+ 33.
g3 Qe2+ 34. Bg2 Qh5+ 35. Bh3 Rd2+ 36. Kg1 Qc5+ 37. Kf1 Rd1+ 38. Ke2 Qd6 39. Kf2
Qd2+ 40. Kf3 Qd3+ 41. Kf2 Rd2+ 42. Kg1 Qxg3+ 43. Kf1 Qxh3+ 44. Ke1 Qe3+ 45. Kf1
Qe2+ 0-1

[Event "22. Torneo San Viator"]
[Site "Madrid ESP"]
[Date "2014.04.06"]
[Round "3.32"]
[White "Perez Gonzalez, Manuel"]
[Black "Jimenez Sanchez, Juan Daniel"]
[Result "1/2-1/2"]
[WhiteElo "1625"]
[BlackElo "1367"]
[PlyCount "94"]
[EventDate "2014.03.23"]
[EventType "swiss"]
[EventRounds "9"]
[EventCountry "ESP"]
[SourceTitle "Ajedrez en Madrid"]
[Source "lmi"]
[SourceDate "2014.03.23"]
[SourceVersion "1"]
[SourceVersionDate "2014.07.21"]
[SourceQuality "1"]

1. e4 c5 2. Nc3 d6 3. g3 Nf6 4. Bg2 Nc6 5. f4 Qc7 6. Nf3 Bg4 7. O-O Nd4 8. h3
Bxf3 9. Bxf3 Nxf3+ 10. Qxf3 e6 11. d3 Be7 12. f5 O-O-O 13. a4 a6 14. Ne2 d5 15.
fxe6 fxe6 16. exd5 exd5 17. Qf5+ Kb8 18. Bf4 Bd6 19. Kg2 Rhf8 20. Bxd6 Rxd6 21.
Qf4 d4 22. g4 Ka7 23. Qg3 Qe7 24. Rae1 Re6 25. Nf4 Re3 26. Rxe3 dxe3 27. Re1
Re8 28. c4 g5 29. Ne2 h5 30. Nc3 hxg4 31. hxg4 Qh7 32. Rxe3 Rxe3 33. Qxe3 b6
34. Qxg5 Qb7+ 35. Nd5 Nd7 36. Qe7 Qc6 37. b3 a5 38. Kg3 Kb7 39. Nf6 Qxf6 40.
Qxd7+ Ka6 41. Qd5 Ka7 42. Qf3 Qd6+ 43. Kg2 Qd4 44. g5 Qb2+ 45. Kg3 Qe5+ 46. Kg4
Qd4+ 47. Kh5 Qh8+ 1/2-1/2